| 000 | 00929nam a2200229 a 4500 | ||
|---|---|---|---|
| 001 | BRCA_2192 | ||
| 005 | 20190320203716.0 | ||
| 008 | 001120s2000 sp-#---##b---#000-0#spa-# | ||
| 020 | _a847782732X | ||
| 040 |
_aDLC _cDLC _dDLC |
||
| 050 | 4 |
_aVK87 _b.C37 2000 |
|
| 245 | 1 | 0 |
_aCarlos V _bla náutica y la navegación. |
| 260 |
_aEspaña _bLunwerg _c2000 |
||
| 300 |
_a469 p. _bil. (algunas a color), mapas _c29 cm. |
||
| 500 | _aCatálogo de la exposición realizada en el Museo de Pontevedra ´Edificio Sarmiento´ (Pontevedra), 28 septiembre - 17 diciembre, 2000 | ||
| 504 | _aBibliografía : p. 463-469 | ||
| 650 | 1 | 4 |
_aNavegación _vExposiciones _xHistoria _ySiglo XVI _zEspaña _96608 |
| 650 | 1 | 4 |
_aCiencia naval _vExposiciones _xHistoria _ySiglo XVI _zEspaña _96609 |
| 651 | 4 |
_aEspaña _vExposiciones _xHistoria _yCarlos I, 1516-1556 _95890 |
|
| 651 | 4 |
_aEspaña _vExposiciones _xHistoria _yFelipe II, 1556-1598 _91270 |
|
| 942 |
_2lcc _cB |
||
| 999 |
_c1948 _d1948 |
||